| 000 | 01799cam a22003131i 4500 | ||
|---|---|---|---|
| 003 | SA-RiAUC | ||
| 005 | 20250523144544.0 | ||
| 008 | 250520s2004 su g b 001 0 ara c | ||
| 040 |
_aEG-CaDAJ _bara _cSA-RiAUC _erda |
||
| 082 | 0 | 4 |
_a235.4 _qSA-RiAUC |
| 090 |
_a235.4 _b ب ص ر |
||
| 100 | 1 |
_aالبصري، عبد الله بن سالم بن محمد، _d1048-1134 هجري _eمؤلف. |
|
| 245 | 1 | 0 |
_aختم سنن الإمام أبي داود / _cعبد الله بن سالم البصري ؛ تحقيق وتعليق محمد بن محمدي جميل النورستاني. معه، من فوائد درس عبد المحسن بن حمد / عبد المحسن بن حمد بن عبد المحسن العباد. |
| 250 | _aالطبعة الأولى. | ||
| 264 | 1 |
_aالرياض : _bأضواء السلف، _c2004 |
|
| 300 |
_a257 صفحة ؛ _c24 سم |
||
| 336 |
_aنص _btxt _2rdacontent _3كتاب |
||
| 337 |
_aبدون وسيط _bn _2rdamedia |
||
| 338 |
_aمجلد _bnc _2rdacarrier |
||
| 500 | _aيشتمل على كشافات. | ||
| 501 | _aمعه : دراسة عن رباعيات أبي داود في سننه مع مقارنتها برباعيات البخاري. | ||
| 504 | _aيشتمل على إرجاعات ببليوجرافية. | ||
| 650 | 7 |
_aالحديث _xسنن أبي داود _2aucsh |
|
| 700 | 1 |
_aالنورستاني، محمد محمدي بن محمد جميل، _d1969- _eمحقق. |
|
| 700 | 1 | 2 |
_iمع (عمل) : _aالعباد، عبد المحسن بن حمد بن عبد المحسن، _d1352 هجري- _tمن فوائد درس عبد المحسن بن حمد. |
| 700 | 1 | 2 |
_iتكملة لـ (عمل) : _aأبو داود، سليمان بن الأشعث بن إسحاق، _d202-275 هجري |
| 942 |
_2ddc _cBOOK _n0 |
||
| 949 |
_aSA-JeALM _d250520 _umohamedma123 _n1 |
||
| 999 |
_c8274 _d8274 |
||